Statistics for The X Quiz

Click here to take the quiz!

General Stats

  • This quiz has been taken 267 times
  • The average score is 9 of 23

Answer Stats

HintAnswer% Correct
A popular copying-machine companyXerox
86%
A process using invisible waves whereby bones can be seenX-ray
85%
Very popular gaming systemX-box
78%
A popular holiday phrase that replaces 'Christ' with the Greek letterX-mas
78%
A fear of strangers, or even anything foreignXenophobia
77%
Percussion instrument with a small mallet and platesXylophone
76%
Element 54, a heavy, colorless gasXenon
73%
A prescription drug to cure anxiety, insomnia, and panicXanax
59%
Ancient Persian king who failed to conquer GreeceXerxes
57%
In Pair 23 of a gene, these determine genderX-chromosome
55%
One set of coordinates on a planeX-axis
41%
Central Chinese city, once its capitalXi'an
34%
One capital of Kublai Khan's Yuan DynastyXanadu
33%
A polysaccharide secreted by a bacterium, used as food additive ('gum')Xanthan
26%
One of the two processing tubes in plantsXylem
21%
A Bantu tribe living mainly east of the Cape ProvinceXosa
16%
A natural alcohol found in plants used as sugar substitute in gum and othersXylitol
12%
Small, three-masted Mediterranean boatXebec
7%
An abnormal dryness of a body partXerosis
4%
Fragments of older rock embedded in igneous layersXenolith
3%
This nomadic tribe menaced south MongoliaXiongnu
1%
An insect, mollusk or crustacean that eats woodXylophage
1%
A Greek philosopher, theologian, poet and criticXenophanes
0%

Score Distribution

Percentile by Number Answered

Percent of People with Each Score

Your Score History

You have not taken this quiz